000 00793nam a2200205Ia 4500
003 PH-BoMPS
005 20221202125820.0
008 220516s9999 xx 000 0 und d
020 _a978-971-9983-02-6
040 _cMPSPC
082 _a519.5 M265 2013
099 _aStatistics for General Education: A Keypad Approach/ Millard R. Mamhot, Alice A. Mamhot, Joel G. Adanza_519.5 M265 2013
100 _aMamhot, Millard R.
_93334
245 1 0 _aStatistics for General Education:
_bA Keypad Approach/
_cMillard R. Mamhot, Alice A. Mamhot, Joel G. Adanza.
264 _aManila :
_bPurely Books Trading and Pub.,
_c2013
300 _avii,180p.:
_cillustrations ;
_c26 cm.
500 _aIncludes Bibliographical References and Index
650 _aStatistics
_xEducation
_93335
942 _2ddc
_cBK
999 _c7994
_d7994